EDUCATION policy research : design and practice at a time of rapid reform
Saved in:
| Format: | Bog |
|---|---|
| Sprog: | engelsk |
| Udgivet: |
Bloomsbury Academic
2014
|
| Tags: |
Tilføj Tag
Ingen Tags, Vær først til at tagge denne postø!
|
MARC
| LEADER | 00000nam a22000007a 4500 | ||
|---|---|---|---|
| 008 | 240611b |||||||| |||| 00| 0 eng d | ||
| 020 | |a 9781472509093 | ||
| 245 | |a EDUCATION policy research |b : design and practice at a time of rapid reform |c /edited by Helen M.Gunter, David Hall and Colins Mills |g xix, 194p | ||
| 250 | |c Gunter, Helen M. | ||
| 250 | |c Hall, David | ||
| 250 | |c Mills, Coin | ||
| 260 | |b Bloomsbury Academic |c 2014 |h London |i 701541 |i 701542 |l LB1028.Ed8 |m Education-Research |m Education and state |m Educational change | ||
| 500 | |a it includes references and index | ||
| 942 | |a lcc |c BK |e Johnson |f 11/06/24 | ||
| 952 | |0 0 |1 0 |2 lcc |4 0 |6 LB1028 E D8 |7 0 |9 5304 |a ED |b HOL |c LP |d 2024-06-11 |l 0 |o LB1028.Ed8 |p 2024-0547 |r 2024-06-11 00:00:00 |t 701541 |w 2024-06-11 |y BK | ||
| 952 | |0 0 |1 0 |2 lcc |4 0 |6 LB1028 E D8 |7 0 |9 5305 |a HOL |b HOL |c LP |d 2024-06-11 |l 0 |o LB1028.Ed8 |p 2024-0548 |r 2024-06-11 00:00:00 |t 701542 |w 2024-06-11 |y BK | ||
| 999 | |c 2628 |d 2628 | ||